|
|
|
|
| LEADER |
00000nab#a22000007a#4500 |
| 001 |
arbauad000289 |
| 003 |
AR-BaUAD |
| 005 |
20250711110353.0 |
| 008 |
930527|||||||||###||||||b###|0###a|spa|| |
| 040 |
|
|
|a AR-BaUAD
|c AR-BaUAD
|b spa
|
| 100 |
|
|
|a Truffaut, François
|
| 245 |
|
|
|a Godard /
|c François Truffaut; Glauber Rocha; Fernando Solanas; Bruno Bert; Horacio Czertok; Jorge Cuadrelli; Pedro Suzs;
|
| 653 |
|
|
|a GODARD, JEAN LUC
|
| 653 |
|
|
|a FILMOGRAFIAS
|
| 653 |
|
|
|a BIOGRAFIAS
|
| 653 |
|
|
|a CINE DOCUMENTAL
|
| 653 |
|
|
|a DIRECTORES DE CINE
|
| 653 |
|
|
|a CINE
|
| 653 |
|
|
|a HISTORIA
|
| 653 |
|
|
|a FRANCIA
|
| 653 |
|
|
|a NOUVELLE VAGUE
|
| 700 |
1 |
|
|a Rocha, Glauber
|
| 700 |
1 |
|
|a Solanas, Fernando
|
| 700 |
1 |
|
|a Bert, Bruno
|
| 700 |
1 |
|
|a Czertok, Horacio
|
| 700 |
1 |
|
|a Cuadrelli, Jorge
|
| 700 |
1 |
|
|a Suzs, Pedro
|
| 773 |
0 |
|
|t CINE'70
|g no. 42-45 [ene. 1973], p. 5-119
|
| 942 |
|
|
|c ARTI
|
| 952 |
|
|
|0 0
|1 0
|4 0
|7 0
|9 45210
|a AR-BAuAD
|b AR-BAuAD
|d 2025-07-11
|l 0
|p AAQA000289
|r 2025-07-11 11:03:53
|w 2025-07-11
|y ARTI
|
| 990 |
|
|
|a C197
|b TD
|
| 998 |
|
|
|a AAQ
|b BIBUN76
|
| 999 |
|
|
|c 24883
|d 24883
|